Oceanian Geography by Letter - M - Statistics

General Stats
  • This quiz has been taken 174 times
  • The average score is 12 of 20
Answer Stats
Hint Answer % Correct
Australia's second biggest city Melbourne
99%
Indigenous people of New Zealand Māori
96%
World's deepest trench Mariana Trench
91%
Northernmost country Marshall Islands
89%
Sub-regions of Oceania Micronesia
89%
Hawaii's "Valley Isle" Maui
73%
Sub-regions of Oceania Melanesia
73%
Longest river {Murray}-Darling
68%
Hawaiian word for a mountain Mauna
67%
Capital of the above Majuro
59%
Cool statues of Easter Island Moai
51%
Crow-like bird with black and white feathers Magpie
46%
Perhaps New Zealand's top tourist attraction {Milford} Sound
46%
18% of Tongans belong to this religious denomination {Mormon}ism
46%
Atoll where Japan lost four carriers in 1942 Midway
44%
Fiji's main Christian denomination {Method}ism
39%
Huge archipelago that includes New Guinea. Also a language {Malay} Archipelago
32%
Hawaii's "Friendly Isle" Molokaʻi
32%
Group of mammals the platypus and echidnas belong to Monotreme
19%
Island located west of Tahiti Mo'orea
13%
No matching quizzes found
Score Distribution
Percent of People with Each Score
Percentile by Number Answered
Your Score History
You have not taken this quiz